000 00886nam a2200205 i 4500
001 187973
003 ES-MaACL
005 20230906223055.0
008 180404s1962 sp |||| | spa d
110 2 _aConsejo Económico Sindical Provincial (Cáceres)
_9164501
245 1 0 _aPerspectivas de desarrollo económico de la provincia de Cáceres (en los próximos cinco años).
260 _a[S.l. :
_bs.n.],
_c1962 (
_eMadrid :
_fHispalense Industrial)
300 _a156 p. ;
_c28 cm.
490 1 _aOrganizacion Sindical. Consejo Económico Nacional. Gabinete Técnico ;
_v21
594 _aPrecede al tít.: Consejo Económico Sindical Provincial, Cáceres.
651 4 _aCáceres (Provincia)-
_xSituación económica.
_9164502
830 0 _aOrganizacion Sindical. Consejo Económico Nacional. Gabinete Técnico ;
_v21
_9192940
852 _aES-MaACL
_jB-13767
999 _c187973
_d187973